| 000 | 00590nam a2200193Ia 4500 | ||
|---|---|---|---|
| 008 | 131103s9999 xx 000 0 und d | ||
| 040 | _aLoreto College | ||
| 041 | _aEnglish | ||
| 082 |
_a940.17/CAM _bLCLIB/copy 3 |
||
| 100 | _aPrevite - Orton,C.W. | ||
| 245 | 4 |
_aThe Shorter Cambridge medieval history _cC.W.Previte - Orton |
|
| 260 |
_aCambridge _bUniversity Press _c1953 |
||
| 300 |
_a2 V. _b ill.,maps,tables _c1953 |
||
| 504 | _aIncludes bibliographical references and index | ||
| 650 | _aMedieval History | ||
| 651 | _aEurope - Medieval History | ||
| 850 | _aLCLIB | ||
| 942 | _cBK | ||
| 999 |
_c8727 _d59206 |
||